Normal view
MARC view
- LCSH: Computer security -Computer networks-Security measures-Information storage and retrieval system -Security measures
Entry Topical Term
001 - CONTROL NUMBER
- control field: 6501
003 - CONTROL NUMBER IDENTIFIER
- control field: JO-AjAnu
005 - DATE AND TIME OF LATEST TRANSACTION
- control field: 20230606071344.0
008 - FIXED-LENGTH DATA ELEMENTS
- fixed length control field: 230606|| aca||aabn | a|a d
040 ## - CATALOGING SOURCE
- Original cataloging agency: JO-AjAnu
- Transcribing agency: JO-AjAnu
150 ## - HEADING--TOPICAL TERM
- Topical term or geographic name entry element: LCSH: Computer security -Computer networks-Security measures-Information storage and retrieval system -Security measures
670 ## - SOURCE DATA FOUND
- Source citation: Work cat.: (JO-AjAnu)3370: Kim,David,Michael G. Solomon, author 6500, Fundamentals of Information Systems Security